|
|
|
|
| LEADER |
00000nab#a22000007a#4500 |
| 001 |
arbauad038177 |
| 003 |
AR-BaUAD |
| 005 |
20250711113007.0 |
| 008 |
990715|||||||||###||||||b###|0###a|spa|| |
| 040 |
|
|
|a AR-BaUAD
|c AR-BaUAD
|b spa
|
| 100 |
|
|
|a Frye, Steven
|
| 245 |
|
|
|a Making the most of your color seps /
|c Steven Frye;
|
| 500 |
|
|
|a Artículo sobre la separación de color, su proceso y resultados.
|
| 653 |
|
|
|a COLOR
|
| 653 |
|
|
|a TECNOLOGIA
|
| 653 |
|
|
|a PROCESOS TECNICOS
|
| 653 |
|
|
|a SCANNERS
|
| 653 |
|
|
|a TRANSPARENCIAS
|
| 653 |
|
|
|a IMPRENTA
|
| 653 |
|
|
|a SISTEMAS
|
| 653 |
|
|
|a IMPRESION
|
| 653 |
|
|
|a DISEÑO GRAFICO
|
| 773 |
0 |
|
|t HOW
|g [jul.-ago. 1999], p. 48-49
|
| 942 |
|
|
|c ARTI
|
| 952 |
|
|
|0 0
|1 0
|4 0
|7 0
|9 83096
|a AR-BAuAD
|b AR-BAuAD
|d 2025-07-11
|l 0
|p AAQA038177
|r 2025-07-11 11:30:07
|w 2025-07-11
|y ARTI
|
| 990 |
|
|
|a DG199
|b TD
|
| 998 |
|
|
|a AAQ
|b BIBUN76
|
| 999 |
|
|
|c 62769
|d 62769
|